| 000 | 00668nmm a2200193Ia 4500 | ||
|---|---|---|---|
| 008 | 251105s9999||||xx |||||||||||||||||und|| | ||
| 020 | _a9788493591465 | ||
| 041 | _aspa | ||
| 100 | _aTabákova, Liliana | ||
| 245 | 0 |
_aEl pentateuco de Isaac : _b Sobre la vida de Isaac Jacob Blumenfeld durante dos guerras, en tres campos de concentración y en cinco patrias |
|
| 264 |
_a[Madrid, España] : _bLibros del asteroide, _c2013 |
||
| 300 | _a320 páginas | ||
| 490 | _aLibros del Asteroide | ||
| 650 | _aHistorical fiction | ||
| 700 | _aTabákova, Liliana | ||
| 700 | 1 | _a Wagenstein, Angel | |
| 856 | _uhttps://public.digitaliapublishing.com/a/31702 | ||
| 942 | _cCF | ||
| 999 |
_c71836 _d71836 |
||